| 000 | 00871nac a22002171u 4500 | ||
|---|---|---|---|
| 010 | _a 92012129 | ||
| 020 | _a0132848945 : | ||
| 082 | 0 | 0 |
_a005.72 _bPOL |
| 090 |
_c6399 _d6399 |
||
| 100 | _aPoli, Alain, | ||
| 245 | 1 | 0 |
_aError correcting codes : _btheory and applications / _cAlain Poli and Llorenc Huguet ; translated by Iain Craig. |
| 260 |
_aHemel Hempstead ; _aEnglewood Cliffs, NJ : _bPrentice Hall ; _a Paris : _bMasson,c.1992. _cc.1992. |
||
| 300 |
_axv, 512 p. : _bill. ; _c24 cm. |
||
| 500 | _aTranslation of: Codes correcteurs. | ||
| 500 | _aDistributer: Al-Ahram. | ||
| 504 | _aIncludes bibliographical references (p. 489-508) and index. | ||
| 511 | _aCatalogued By: Mahitab. | ||
| 650 | 0 | _aError-correcting codes (Information theory) | |
| 700 | 1 |
_aHuguet, L. _q(Llorenç), _d1953- |
|
| 942 |
_cBB _k005.72POL |
||
| 999 |
_c6399 _d6399 |
||